[Event "Ïåðâåíñòâî Ìîñêâû 2017 Ì15"]
[Site ""]
[Date "2017.11.12"]
[Round "2.10"]
[White "Knjazev, Artem"]
[Black "Tarasov, Danila"]
[Result "0-1"]
[WhiteElo "1612"]
[BlackElo "1853"]
[PlyCount "55"]
[EventDate "2017.11.11"]

1. e4 Nf6 2. e5 Nd5 3. d4 d6 4. c4 Nb6 5. Nf3 g6 6. Be2 Bg7 7. Bf4 O-O 8. O-O
Nc6 9. exd6 cxd6 10. Nc3 Bg4 11. Qd3 Bxf3 12. Bxf3 Nxd4 13. Bxb7 Rb8 14. Ba6
Nd7 15. Bb5 Nc5 16. Qd2 a6 17. Ba4 Nde6 18. Be3 Bxc3 19. bxc3 Nxa4 20. Rfe1 Qa5
21. Bh6 Rfc8 22. Rac1 Qf5 23. Qd5 Rc5 24. Qd1 Nb2 25. Rb1 Rbc8 26. Qe2 Na4 27.
Rb4 Nxc3 28. Qb2 {íå ïîíÿòíî} 0-1

[Event "Ïåðâåíñòâî Ìîñêâû 2017 Ì15"]
[Site ""]
[Date "2017.11.12"]
[Round "2.11"]
[White "Presnyakov, Oleg"]
[Black "Agabekov, Saveliy"]
[Result "1/2-1/2"]
[WhiteElo "1403"]
[BlackElo "1830"]
[PlyCount "75"]
[EventDate "2017.11.11"]

1. e4 e5 2. Nf3 Nc6 3. Bb5 a6 4. Bxc6 dxc6 5. d4 exd4 6. Qxd4 Qxd4 7. Nxd4 Bd7
8. Nc3 O-O-O 9. Be3 Nf6 10. f3 h6 11. O-O-O Bb4 12. Nb1 Rhe8 13. c3 Bd6 14. Nd2
Kb8 15. N2b3 c5 16. Ne2 b6 17. Bf4 Bb5 18. Bxd6 Bxe2 19. Rd2 cxd6 20. Rxe2 d5
21. e5 Nd7 22. f4 Kc7 23. Rhe1 c4 24. Nd4 Nc5 25. Kc2 Nd3 26. Rf1 g6 27. g4 Re7
28. e6 Rde8 29. exf7 Rxe2+ 30. Nxe2 Rf8 31. f5 g5 32. Nc1 Nc5 33. b4 Ne4 34.
Ne2 Rxf7 35. Nd4 Kd6 36. Ne6 Ke5 37. a4 Rf6 38. Re1 {íå ïîíÿòíî} 1/2-1/2

[Event "Ïåðâåíñòâî Ìîñêâû 2017 Ì15"]
[Site ""]
[Date "2017.11.12"]
[Round "2.12"]
[White "Zhuk, Kirill"]
[Black "Drobin, Maxim"]
[Result "1-0"]
[WhiteElo "2035"]
[BlackElo "1634"]
[PlyCount "97"]
[EventDate "2017.11.11"]

1. e4 e6 2. d3 d5 3. Nd2 Nf6 4. Ngf3 c5 5. g3 Be7 6. Bg2 O-O 7. O-O Nc6 8. Re1
Qc7 9. c3 dxe4 10. dxe4 e5 11. Qc2 Be6 12. Bf1 Rfd8 13. Bc4 Bxc4 14. Nxc4 b5
15. Ne3 g6 16. a4 b4 17. Nc4 Rd7 18. Bg5 Rad8 19. Rad1 Rxd1 20. Rxd1 Rxd1+ 21.
Qxd1 bxc3 22. Bxf6 Bxf6 23. bxc3 Na5 24. Qd6 Qxd6 25. Nxd6 Kf8 26. Nb5 Nc6 27.
Kf1 Ke7 28. Ke2 Kd7 29. Kd3 a6 30. Na3 Na5 31. Nc4 Nxc4 32. Kxc4 Kd6 33. Nd2
Bd8 34. Kd3 f6 35. Nc4+ Ke6 36. Ke3 Bc7 37. Kd3 Kd7 38. Ne3 Kc6 39. Nd5 Bd8 40.
Ne3 Kd6 41. Kc4 Be7 42. g4 Kc6 43. Nd1 Bd8 44. Nb2 Bc7 45. Nd3 Bd6 46. f3 Be7
47. g5 fxg5 48. Nxe5+ Kb6 49. Kd5 1-0

[Event "Ïåðâåíñòâî Ìîñêâû 2017 Ì15"]
[Site ""]
[Date "2017.11.12"]
[Round "2.13"]
[White "Rustamov, Sezqin"]
[Black "Chervonenkis, Boris"]
[Result "0-1"]
[WhiteElo "1694"]
[BlackElo "1875"]
[PlyCount "90"]
[EventDate "2017.11.11"]

1. d4 d5 2. c4 c6 3. Nc3 Nf6 4. Nf3 dxc4 5. a4 Bf5 6. Nh4 Bg4 7. h3 Be6 8. e4
g6 9. Be2 Bg7 10. O-O Na6 11. f4 Nh5 12. Kh2 Qxd4 13. Bxh5 gxh5 14. Qxh5 Nb4
15. Nf3 Qd6 16. e5 Qd3 17. Rd1 Qg6 18. Qxg6 hxg6 19. b3 Nc2 20. Rb1 cxb3 21.
Ne4 b6 22. Nfg5 Bd5 23. Nc3 Bc4 24. Nf3 f6 25. Nd2 Be6 26. Nxb3 fxe5 27. Ne4
Nd4 28. Nxd4 exd4 29. Ng5 Bd5 30. a5 Rb8 31. Ba3 Kd7 32. Kg3 c5 33. Nf3 Rhc8
34. Re1 b5 35. Ne5+ Bxe5 36. Rxe5 e6 37. Rg5 b4 38. Bb2 b3 39. Rxg6 Rg8 40. Rg5
e5 41. Kf2 Rxg5 42. fxg5 c4 43. Rd1 c3 44. Bxc3 dxc3 45. Rxd5+ Ke6 0-1

[Event "Ïåðâåíñòâî Ìîñêâû 2017 Ì15"]
[Site ""]
[Date "2017.11.12"]
[Round "2.14"]
[White "Zakirov, Artur"]
[Black "Ratataev, Ilya"]
[Result "1/2-1/2"]
[WhiteElo "1833"]
[BlackElo "1453"]
[PlyCount "54"]
[EventDate "2017.11.11"]

1. e4 c5 2. Nf3 e6 3. c4 d6 4. Nc3 Nc6 5. d4 cxd4 6. Nxd4 Nf6 7. Be3 Be7 8. Be2
O-O 9. O-O a6 10. a3 Qc7 11. Rc1 b6 12. Nxc6 Qxc6 13. e5 dxe5 14. b4 Rd8 15.
Qc2 Bb7 16. Bf3 e4 17. b5 Qxc4 18. Be2 Qc8 19. Bxb6 Rd6 20. Na4 Qxc2 21. Rxc2
axb5 22. Bxb5 Rxa4 23. Bc5 Ra5 24. a4 Ba6 25. Bxd6 Bxd6 26. Rc6 Bxb5 27. axb5
Bf8 {íå ïîíÿòíî} 1/2-1/2

[Event "Ïåðâåíñòâî Ìîñêâû 2017 Ì15"]
[Site ""]
[Date "2017.11.12"]
[Round "2.15"]
[White "Lutan, Gleb"]
[Black "Kireev, Igor"]
[Result "0-1"]
[WhiteElo "1599"]
[BlackElo "1707"]
[PlyCount "52"]
[EventDate "2017.11.11"]

1. c4 e5 2. Nc3 f5 3. g3 Nf6 4. Bg2 c6 5. d3 Be7 6. Bd2 O-O 7. e3 d6 8. Nge2
Be6 9. O-O Nbd7 10. b4 a6 11. Qc2 Kh8 12. Rfb1 g5 13. a4 Nh5 14. b5 axb5 15.
cxb5 Qc8 16. d4 f4 17. Bf1 f3 18. Nc1 Ndf6 19. dxe5 dxe5 20. e4 Bh3 21. Qd1 Qg4
22. Bxg5 Bxf1 23. Bxf6+ Rxf6 24. Qxf1 Nxg3 25. h3 Ne2+ 26. Kh1 Rh6 0-1

[Event "Ïåðâåíñòâî Ìîñêâû 2017 Ì15"]
[Site ""]
[Date "2017.11.12"]
[Round "2.16"]
[White "Levkin, Lev"]
[Black "Ivanov, Stepan"]
[Result "1/2-1/2"]
[WhiteElo "1812"]
[BlackElo "1580"]
[PlyCount "57"]
[EventDate "2017.11.11"]

1. d4 Nf6 2. Nf3 g6 3. c4 c5 4. d5 b5 5. cxb5 a6 6. e3 axb5 7. Bxb5 Qa5+ 8. Nc3
Ba6 9. Qd3 Bg7 10. O-O O-O 11. Bd2 d6 12. Bxa6 Qxa6 13. Qxa6 Nxa6 14. a3 Rfb8
15. Rfb1 Rb3 16. Be1 Rab8 17. Ra2 Nc7 18. e4 Nd7 19. Na4 Ne5 20. Nxe5 Bxe5 21.
Kf1 Nb5 22. Rc1 h5 23. h3 Kf8 24. Nc3 Bf4 25. Rd1 Be5 26. Rc1 Bf4 27. Rd1 Be5
28. Rc1 Bf4 29. Rd1 1/2-1/2

[Event "Ïåðâåíñòâî Ìîñêâû 2017 Ì15"]
[Site ""]
[Date "2017.11.12"]
[Round "2.17"]
[White "Akopjan, Gor"]
[Black "Soloviev, Vladislav"]
[Result "1-0"]
[WhiteElo "1465"]
[BlackElo "1892"]
[PlyCount "91"]
[EventDate "2017.11.11"]

1. e4 c5 2. Nf3 Nc6 3. d4 cxd4 4. Nxd4 g6 5. Nc3 Bg7 6. Be3 Nf6 7. Be2 O-O 8.
O-O d5 9. Nxc6 bxc6 10. exd5 Nxd5 11. Nxd5 cxd5 12. c3 e5 13. Bc5 Re8 14. Bf3
Be6 15. Re1 Qc7 16. Be3 Rad8 17. Rc1 f5 18. g3 h6 19. Bg2 g5 20. f4 exf4 21.
gxf4 Bf6 22. Bd4 Qg7 23. Bxf6 Qxf6 24. Qd4 Qxd4+ 25. cxd4 Kf7 26. Re5 Rd7 27.
Rc5 Red8 28. b4 gxf4 29. Bf3 Kf6 30. a4 Rd6 31. b5 a6 32. Be2 Rc8 33. Rxe6+
Rxe6 34. Rxc8 Rxe2 35. Rc6+ Ke7 36. Rxa6 Kd7 37. Rxh6 Kc7 38. a5 Rb2 39. b6+
Kd7 40. Rh7+ Kd8 41. a6 Rb1+ 42. Kg2 Rb2+ 43. Kf3 Rb3+ 44. Kxf4 Rxb6 45. Rb7
Rxb7 46. axb7 1-0

[Event "Ïåðâåíñòâî Ìîñêâû 2017 Ì15"]
[Site ""]
[Date "2017.11.12"]
[Round "2.18"]
[White "Kurus, Artem"]
[Black "Sakhin, Leonid"]
[Result "1-0"]
[WhiteElo "1829"]
[BlackElo "1579"]
[PlyCount "99"]
[EventDate "2017.11.11"]

1. c4 e5 2. Nc3 Nf6 3. Nf3 Nc6 4. d4 e4 5. Ng5 h6 6. Ngxe4 Nxe4 7. Nxe4 Qh4 8.
Nc3 Qxd4 9. e3 Qxd1+ 10. Kxd1 Bc5 11. a3 a5 12. b3 d6 13. Nd5 Kd8 14. Bb2 Rg8
15. Bd3 Ne5 16. Bxe5 dxe5 17. Ke2 c6 18. Nc3 Ke7 19. Ne4 Bb6 20. c5 Bc7 21. Nd2
Be6 22. Bc4 Rgd8 23. Rhd1 Rd7 24. Bxe6 Kxe6 25. Nc4 Rad8 26. e4 Rd4 27. Rxd4
Rxd4 28. f3 a4 29. Nd2 axb3 30. Rb1 b6 31. cxb6 Bxb6 32. Rxb3 Ba5 33. Rd3 Bxd2
34. Rxd4 exd4 35. Kxd2 c5 36. Kd3 Kd6 37. Kc4 Ke5 38. a4 Kf4 39. Kd3 Ke5 40.
f4+ Kd6 41. Kc4 f6 42. a5 g5 43. a6 Kc6 44. e5 gxf4 45. exf6 Kb6 46. f7 Kxa6
47. f8=Q h5 48. Qb8 d3 49. Kxc5 d2 50. Qb6# 1-0

[Event "Ïåðâåíñòâî Ìîñêâû 2017 Ì15"]
[Site ""]
[Date "2017.11.12"]
[Round "2.19"]
[White "Zurabian, Vage"]
[Black "Vdovin, Georgy"]
[Result "1/2-1/2"]
[WhiteElo "1596"]
[BlackElo "1664"]
[PlyCount "89"]
[EventDate "2017.11.11"]

1. e4 c6 2. d4 d5 3. Nc3 dxe4 4. Nxe4 h6 5. Nf3 Bf5 6. Ng3 Bh7 7. Bd3 Bxd3 8.
Qxd3 Nf6 9. Bd2 e6 10. Ne4 Nbd7 11. c4 Nxe4 12. Qxe4 Nf6 13. Qe2 Bd6 14. O-O-O
Qe7 15. g3 O-O-O 16. Ne5 Nd7 17. Nxd7 Rxd7 18. c5 Bc7 19. Bc3 Rd5 20. f4 Qd7
21. Rhe1 Bd8 22. Qc4 Bf6 23. Re3 Rd8 24. Red3 g6 25. a4 Kb8 26. Ba5 Re8 27. b4
Bd8 28. Bxd8 Rxd8 29. b5 Qc7 30. Qb4 Kc8 31. a5 cxb5 32. Qxb5 Qc6 33. Qxc6+
bxc6 34. a6 Kc7 35. Kc2 Rb8 36. Rb3 Rxb3 37. Kxb3 Rd8 38. Kc2 Rb8 39. Rb1 Rxb1
40. Kxb1 Kd7 41. Kc2 Ke7 42. Kd3 f5 43. Ke3 Kf6 44. Kf3 g5 45. h4 1/2-1/2

[Event "Ïåðâåíñòâî Ìîñêâû 2017 Ì15"]
[Site ""]
[Date "2017.11.12"]
[Round "2.20"]
[White "Zagorskii, Artem"]
[Black "Vinokur, Leonid"]
[Result "1/2-1/2"]
[WhiteElo "1612"]
[BlackElo "1703"]
[PlyCount "83"]
[EventDate "2017.11.11"]

1. e4 e6 2. d4 d5 3. Nc3 Bb4 4. e5 c5 5. a3 Bxc3+ 6. bxc3 Qc7 7. Qg4 Ne7 8.
Qxg7 Rg8 9. Qxh7 cxd4 10. Ne2 Nbc6 11. f4 dxc3 12. h4 Bd7 13. h5 O-O-O 14. Qd3
Qa5 15. Rb1 Nf5 16. Rg1 Qa4 17. Nxc3 Qd4 18. Qxd4 Ncxd4 19. Bd3 Nf3+ 20. Kf2
Nxg1 21. Kxg1 Rg3 22. Bxf5 Rxc3 23. Bd3 Ba4 24. Bb2 Rc6 25. Rc1 a6 26. Bd4 Bb5
27. Bxb5 axb5 28. c3 Kb8 29. Rb1 Rcc8 30. Kf2 Kc7 31. Rxb5 Rg8 32. Rb1 Rg4 33.
g3 Rgg8 34. Rg1 Kc6 35. Kf3 Kb5 36. Bf2 Kc4 37. Rb1 b5 38. Rb4+ Kxc3 39. Rxb5
Rg7 40. Rb7 Ra8 41. Ba7 Rag8 42. Bf2 1/2-1/2

[Event "Ïåðâåíñòâî Ìîñêâû 2017 Ì15"]
[Site ""]
[Date "2017.11.12"]
[Round "2.21"]
[White "Trofimov, Boris"]
[Black "Nikulshin, Alexey"]
[Result "0-1"]
[WhiteElo "1603"]
[BlackElo "1437"]
[PlyCount "84"]
[EventDate "2017.11.11"]

1. e4 e6 2. d4 d5 3. exd5 exd5 4. Bd3 Bd6 5. h3 Nf6 6. Nf3 O-O 7. O-O h6 8. c3
Be6 9. Qc2 c6 10. Be3 Qc7 11. Nbd2 Nbd7 12. Nh4 Rfe8 13. Rae1 Bf4 14. Nf5 Bxf5
15. Bxf5 Bxe3 16. Rxe3 Rxe3 17. fxe3 Re8 18. Rf3 Nf8 19. e4 dxe4 20. Bxe4 Nxe4
21. Nxe4 Ne6 22. Qd2 b6 23. Ng3 Ng5 24. Re3 Qd7 25. Qe2 Rxe3 26. Qxe3 Qe6 27.
Qxe6 Nxe6 28. Nf5 Kf8 29. Nd6 Ke7 30. Nc8+ Kd7 31. Nxa7 Kc7 32. d5 cxd5 33. g3
Kb7 34. Nb5 Kc6 35. Na3 Nc5 36. Nc2 Na4 37. Nb4+ Kd6 38. Nd3 Nc5 39. Nxc5 Kxc5
40. b3 d4 41. cxd4+ Kxd4 42. Kf2 Kc3 0-1

[Event "Ïåðâåíñòâî Ìîñêâû 2017 Ì15"]
[Site ""]
[Date "2017.11.12"]
[Round "2.22"]
[White "Morozov, Fedor"]
[Black "Pavlov, Ivan"]
[Result "1/2-1/2"]
[WhiteElo "1607"]
[BlackElo "1494"]
[PlyCount "57"]
[EventDate "2017.11.11"]

1. e4 e6 2. d4 d5 3. exd5 exd5 4. Bd3 Bd6 5. Nf3 Nf6 6. O-O O-O 7. Bg5 h6 8.
Bh4 Bg4 9. h3 Bh5 10. Nbd2 Nbd7 11. c3 c6 12. Qc2 Bxf3 13. Nxf3 Qc7 14. Bxf6
Nxf6 15. Rfe1 Rfe8 16. b3 Bf4 17. Bf5 Bd6 18. Rad1 b6 19. c4 Bb4 20. Rxe8+ Rxe8
21. Rc1 Ba3 22. Rb1 Bb4 23. Rc1 Ba3 24. Rb1 Bd6 25. Rc1 Bf4 26. Rd1 Bd6 27. Rc1
Bf4 28. Rd1 Bd6 29. Rc1 1/2-1/2

[Event "Ïåðâåíñòâî Ìîñêâû 2017 Ì15"]
[Site ""]
[Date "2017.11.12"]
[Round "2.23"]
[White "Gubanov, Timofey"]
[Black "Kalita, Daniil"]
[Result "1/2-1/2"]
[WhiteElo "1538"]
[BlackElo "1539"]
[PlyCount "68"]
[EventDate "2017.11.11"]

1. d4 g6 2. c4 Nf6 3. Nc3 d6 4. e4 Bg7 5. Nf3 Nbd7 6. Be2 O-O 7. O-O e5 8. Re1
Re8 9. Bf1 exd4 10. Nxd4 Nc5 11. f3 c6 12. Bg5 Qb6 13. Qd2 Be6 14. Rad1 d5 15.
exd5 cxd5 16. Bxf6 Bxf6 17. cxd5 Rad8 18. Bc4 Bc8 19. Kh1 Rxe1+ 20. Rxe1 a6 21.
Re2 Qb4 22. b3 b5 23. Nc6 Qxc3 24. Qxc3 Bxc3 25. Nxd8 bxc4 26. bxc4 Bf5 27.
Re8+ Kg7 28. Re7 Ba5 29. Nb7 Kf6 30. d6 Bb4 31. Nd8 Be6 32. Nxe6 Nxe6 33. Ra7
Nc5 34. d7 Ba5 {íå ïîíÿòíî} 1/2-1/2

[Event "Ïåðâåíñòâî Ìîñêâû 2017 Ì15"]
[Site ""]
[Date "2017.11.12"]
[Round "2.24"]
[White "Zaitsev, Yuriy"]
[Black "Zlotin, Grigori"]
[Result "1/2-1/2"]
[WhiteElo "1620"]
[BlackElo "1479"]
[PlyCount "64"]
[EventDate "2017.11.11"]

1. e4 c5 2. Nc3 Nc6 3. g3 g6 4. Bg2 Bg7 5. d3 d6 6. f4 e6 7. Nf3 Nge7 8. O-O
O-O 9. Be3 Nd4 10. e5 Nef5 11. Bf2 d5 12. Ne2 Nxe2+ 13. Qxe2 d4 14. Nd2 Rb8 15.
Ne4 h5 16. Nxc5 Qc7 17. Nb3 Rd8 18. Be4 b6 19. Bxf5 exf5 20. Nxd4 Bb7 21. Nf3
Qc6 22. Be3 Bf8 23. c3 Qb5 24. Nd4 Qd5 25. Nf3 Qxd3 26. Qxd3 Rxd3 27. Rfe1 Bc5
28. Nd4 b5 29. Nxf5 Rd2 30. Ne7+ Kf8 31. Bxc5 Rg2+ 32. Kh1 Rxb2+ 1/2-1/2

[Event "Ïåðâåíñòâî Ìîñêâû 2017 Ì15"]
[Site ""]
[Date "2017.11.12"]
[Round "2.25"]
[White "Gornostaev, Yakov"]
[Black "Khromov, Pavel"]
[Result "1-0"]
[WhiteElo "1570"]
[BlackElo "1368"]
[PlyCount "57"]
[EventDate "2017.11.11"]

1. d4 d5 2. c4 c6 3. Nc3 Nf6 4. Nf3 e6 5. Bg5 h6 6. Bh4 Nbd7 7. e3 dxc4 8. Bxc4
b5 9. Bd3 Qc7 10. Rc1 a6 11. e4 c5 12. O-O Be7 13. e5 Nd5 14. Nxd5 exd5 15.
Bxe7 Kxe7 16. dxc5 Re8 17. Bb1 Bb7 18. Nd4 Nxe5 19. f4 Nc6 20. Nf5+ Kf8 21. Nd6
Red8 22. Qxd5 Rab8 23. Qd3 Ne7 24. Qh7 Qa5 25. Qh8+ Ng8 26. Nxb7 Rxb7 27. Bh7
Rbb8 28. Rfe1 Qxa2 29. Qxg8# 1-0

[Event "Ïåðâåíñòâî Ìîñêâû 2017 Ì15"]
[Site ""]
[Date "2017.11.12"]
[Round "2.26"]
[White "Kolobov, Dmitriy"]
[Black "Boger, Juri"]
[Result "1/2-1/2"]
[WhiteElo "1514"]
[BlackElo "1641"]
[PlyCount "112"]
[EventDate "2017.11.11"]

1. d4 Nf6 2. c4 d6 3. Nc3 Nbd7 4. e4 c6 5. Be2 e5 6. d5 cxd5 7. exd5 Nc5 8. f3
Qb6 9. Rb1 Bf5 10. Ra1 e4 11. g4 exf3 12. gxf5 f2+ 13. Kf1 fxg1=Q+ 14. Rxg1
Nce4 15. Nxe4 Nxe4 16. Rg2 O-O-O 17. Bf3 Nc5 18. Re2 g6 19. f6 h5 20. Be3 Bh6
21. Bxh6 Rxh6 22. Qd2 Rhh8 23. Bg2 Rde8 24. Rae1 Re5 25. Bh3+ Nd7 26. Rf2 Rhe8
27. Rfe2 Kc7 28. Bxd7 Kxd7 29. b3 Qd8 30. Rxe5 Qxf6+ 31. Kg2 Rxe5 32. Rxe5 Qxe5
33. Qa5 Qg5+ 34. Kf1 Qf4+ 35. Kg2 Qe4+ 36. Kf2 Qd4+ 37. Kg2 Qb6 38. Qc3 Qd8 39.
Qe3 b6 40. Qc1 Qf6 41. Qa3 Qg5+ 42. Kf3 Qg4+ 43. Kf2 Qf4+ 44. Kg1 Qe3+ 45. Kg2
Qd2+ 46. Kg3 Qc3+ 47. Kg2 Qa5 48. Qb2 Qe1 49. Qa3 Qa5 50. Qb2 Kc7 51. Qf2 f5
52. Qe2 Kd8 53. Qb2 Qe1 54. Qf6+ Qe7 55. Qxg6 Qe4+ 56. Kf2 Qh4+ 1/2-1/2

[Event "Ïåðâåíñòâî Ìîñêâû 2017 Ì15"]
[Site ""]
[Date "2017.11.12"]
[Round "2.27"]
[White "Kozhevnikov, Aleksandr"]
[Black "Shekun, Ilya"]
[Result "0-1"]
[WhiteElo "1315"]
[BlackElo "1194"]
[PlyCount "100"]
[EventDate "2017.11.11"]

1. d4 Nf6 2. c4 g6 3. Nc3 d5 4. cxd5 Nxd5 5. Nf3 Nxc3 6. bxc3 Bg7 7. e4 c5 8.
e5 Nc6 9. Bb5 cxd4 10. Bxc6+ bxc6 11. cxd4 Ba6 12. Be3 O-O 13. Qd2 Qd5 14. Rc1
Rab8 15. Nh4 Bc4 16. f4 Bxa2 17. O-O f5 18. Rc5 Qe6 19. Nf3 h6 20. Rfc1 Bd5 21.
Ne1 Rb7 22. Nd3 Rfb8 23. Qe1 Rb3 24. Nf2 Ra3 25. R1c3 Rbb3 26. Qc1 Rxc3 27.
Rxc3 Rxc3 28. Qxc3 Be4 29. Nd3 Bxd3 30. Qxd3 Qa2 31. Qd2 Qxd2 32. Bxd2 e6 33.
Kf2 Kf7 34. Ke2 Bf8 35. Kd3 Ke8 36. Kc4 Kd7 37. h3 h5 38. h4 Kc7 39. g3 Kb6 40.
Be3 Ka5 41. Bd2+ Ka4 42. Be1 a5 43. Kd3 Bb4 44. Bc3 Kb3 45. Ba1 Be1 46. Ke2
Bxg3 47. Kf3 Bxh4 48. Kg2 a4 49. Kh3 Be7 50. Kg3 a3 0-1

[Event "Ïåðâåíñòâî Ìîñêâû 2017 Ì15"]
[Site ""]
[Date "2017.11.14"]
[Round "4.7"]
[White "Agabekov, Saveliy"]
[Black "Chervonenkis, Boris"]
[Result "0-1"]
[WhiteElo "1830"]
[BlackElo "1875"]
[PlyCount "58"]
[EventDate "2017.11.11"]

1. e4 e6 2. d4 d5 3. Nc3 Bb4 4. e5 c5 5. Qg4 Ne7 6. dxc5 Bxc3+ 7. bxc3 Ng6 8.
Nf3 Qc7 9. Bd3 Nd7 10. O-O Ndxe5 11. Nxe5 Qxe5 12. Bd2 Qc7 13. h4 Bd7 14. h5
Ne5 15. Qxg7 O-O-O 16. Bxh7 Bc6 17. Bg5 Ng4 18. g3 f6 19. Qxc7+ Kxc7 20. Bf4+
e5 21. Bf5 Nh2 22. Kxh2 Rxh5+ 23. Kg1 Rxf5 24. Be3 Rh8 25. f3 Rfh5 26. Rac1 Bb5
27. g4 Rh1+ 28. Kf2 R8h2+ 29. Kg3 Bxf1 0-1

[Event "Ïåðâåíñòâî Ìîñêâû 2017 Ì15"]
[Site ""]
[Date "2017.11.14"]
[Round "4.8"]
[White "Plaksin, Igor"]
[Black "Smelykh, Edvin"]
[Result "1-0"]
[WhiteElo "1720"]
[BlackElo "1861"]
[PlyCount "67"]
[EventDate "2017.11.11"]

1. e4 c5 2. Nf3 e6 3. d4 cxd4 4. Nxd4 a6 5. Nc3 Qc7 6. Bd3 Nc6 7. Be3 Nf6 8.
O-O b5 9. Kh1 Bb7 10. f4 d6 11. a3 Be7 12. Qf3 O-O 13. Qh3 Rfd8 14. Rae1 h6 15.
f5 e5 16. Nb3 Bf8 17. Nd5 Nxd5 18. exd5 Nd4 19. Nxd4 exd4 20. Bxd4 f6 21. Qf3
Re8 22. Re6 Re7 23. Be4 Rf7 24. h3 Rc8 25. Re1 Re7 26. Qg3 Rf7 27. Bxf6 Qc4 28.
Bc3 Bxd5 29. Bxd5 Qxd5 30. f6 Qg5 31. Qxg5 hxg5 32. R1e2 d5 33. Rxa6 gxf6 34.
Rxf6 1-0

[Event "Ïåðâåíñòâî Ìîñêâû 2017 Ì15"]
[Site ""]
[Date "2017.11.14"]
[Round "4.9"]
[White "Karlov, Egor"]
[Black "Kirchei, Viktoriia"]
[Result "0-1"]
[WhiteElo "1857"]
[BlackElo "1808"]
[PlyCount "78"]
[EventDate "2017.11.11"]

1. d4 d5 2. c4 e6 3. Nc3 c6 4. e4 dxe4 5. Nxe4 Bb4+ 6. Nc3 Nf6 7. Nf3 O-O 8. a3
Bxc3+ 9. bxc3 Qa5 10. Qc2 c5 11. Bd2 b6 12. Bd3 Bb7 13. O-O cxd4 14. cxd4 Qh5
15. Rae1 Bxf3 16. Re5 Qh4 17. gxf3 Nc6 18. Bg5 Qh3 19. Bxf6 Nxd4 20. Bxh7+ Qxh7
21. Qxh7+ Kxh7 22. Rh5+ Kg6 23. Bxd4 Kxh5 24. Kh1 f6 25. Re1 e5 26. Bc3 Rac8
27. Re4 Rfd8 28. f4 exf4 29. Rxf4 Kg5 30. Re4 b5 31. Kg2 Rxc4 32. Re3 Ra8 33.
Kf3 Kf5 34. Rd3 a5 35. h3 b4 36. axb4 axb4 37. Bb2 Rc2 38. Rb3 Ra2 39. Bd4 Ra3
0-1

[Event "Ïåðâåíñòâî Ìîñêâû 2017 Ì15"]
[Site ""]
[Date "2017.11.14"]
[Round "4.10"]
[White "Privalov, Igor"]
[Black "Makhauri, Eli"]
[Result "1-0"]
[WhiteElo "1992"]
[BlackElo "1719"]
[PlyCount "36"]
[EventDate "2017.11.11"]

1. e4 e5 2. Nf3 Nc6 3. Bb5 Nf6 4. O-O d6 5. Re1 Bd7 6. c3 g6 7. d4 Bg7 8. Bxc6
Bxc6 9. dxe5 dxe5 10. Qxd8+ Rxd8 11. Nxe5 Bb5 12. Na3 Ba6 13. h3 O-O 14. Nf3
Nd7 15. Bf4 c6 16. Bc7 Rc8 17. Bd6 Rfe8 18. Rad1 Nb6 {????} 1-0

[Event "Ïåðâåíñòâî Ìîñêâû 2017 Ì15"]
[Site ""]
[Date "2017.11.14"]
[Round "4.11"]
[White "Zakirov, Artur"]
[Black "Boger, Juri"]
[Result "1-0"]
[WhiteElo "1833"]
[BlackElo "1641"]
[PlyCount "34"]
[EventDate "2017.11.11"]

1. e4 g6 2. d4 Bg7 3. Bc4 d6 4. Nc3 Nf6 5. Nf3 O-O 6. Bg5 h6 7. Be3 Nc6 8. Be2
Ng4 9. Qd2 Nxe3 10. Qxe3 Nb4 11. Rc1 f5 12. a3 Nc6 13. e5 e6 14. O-O g5 15.
Rfd1 g4 16. Ne1 f4 17. Qe4 Qg5 {????} 1-0

[Event "Ïåðâåíñòâî Ìîñêâû 2017 Ì15"]
[Site ""]
[Date "2017.11.14"]
[Round "4.12"]
[White "Kurus, Artem"]
[Black "Nikulshin, Alexey"]
[Result "1/2-1/2"]
[WhiteElo "1829"]
[BlackElo "1437"]
[PlyCount "83"]
[EventDate "2017.11.11"]

1. c4 e6 2. Nf3 Nf6 3. b3 d5 4. Bb2 Be7 5. e3 O-O 6. Be2 b6 7. O-O Bb7 8. d3 c5
9. Nbd2 Nc6 10. e4 dxe4 11. Nxe4 Nxe4 12. dxe4 Qc7 13. Qc2 Rfd8 14. Rad1 Rd7
15. Rxd7 Qxd7 16. Rd1 Qc7 17. Qc3 Bf6 18. e5 Be7 19. Bd3 Rd8 20. Re1 Qd7 21.
Be4 Nb4 22. Bb1 Qc7 23. a3 Nc6 24. Qc2 g6 25. Rd1 Rxd1+ 26. Qxd1 Qd8 27. Qxd8+
Bxd8 28. Be4 Na5 29. Bxb7 Nxb7 30. Bc3 Be7 31. Kf1 Kg7 32. Ke2 f5 33. exf6+
Bxf6 34. Bxf6+ Kxf6 35. Ke3 Nd6 36. Nd2 e5 37. Ne4+ Nxe4 38. Kxe4 Ke6 39. f4
exf4 40. Kxf4 Kf6 41. Ke4 Ke6 42. Kf4 1/2-1/2

[Event "Ïåðâåíñòâî Ìîñêâû 2017 Ì15"]
[Site ""]
[Date "2017.11.14"]
[Round "4.13"]
[White "Knjazev, Artem"]
[Black "Vdovin, Georgy"]
[Result "0-1"]
[WhiteElo "1612"]
[BlackElo "1664"]
[PlyCount "94"]
[EventDate "2017.11.11"]

1. e4 c6 2. d4 d5 3. exd5 cxd5 4. c4 e6 5. Nf3 Nf6 6. Nc3 Be7 7. Bd3 O-O 8. O-O
dxc4 9. Bxc4 a6 10. a3 b5 11. Ba2 Bb7 12. Bb1 Re8 13. Bd3 Bf8 14. Ng5 g6 15.
Nge4 Bg7 16. Bg5 h6 17. Bh4 Bc6 18. Bc2 Nbd7 19. Qf3 Rc8 20. Qd3 Qc7 21. Rac1
Nxe4 22. Nxe4 Qf4 23. Bg3 Qxe4 24. Qxe4 Bxe4 25. Bxe4 Rxc1 26. Rxc1 Bxd4 27.
Rd1 e5 28. Bc6 Rd8 29. Kf1 Nb8 30. Be4 Rd7 31. Rxd4 Rxd4 32. Bxe5 Rxe4 33. Bxb8
Kf8 34. Bd6+ Ke8 35. Bb4 f5 36. f3 Re6 37. Bd2 g5 38. Kf2 Kd7 39. g3 Kc6 40. h3
Kd5 41. Bc3 Kc4 42. f4 gxf4 43. gxf4 Kd3 44. Kg3 Re3+ 45. Kh4 Ke4 46. Be5 Rf3
47. Bc7 Rxf4+ 0-1

[Event "Ïåðâåíñòâî Ìîñêâû 2017 Ì15"]
[Site ""]
[Date "2017.11.14"]
[Round "4.14"]
[White "Arbuzov, Timofey"]
[Black "Ivanov, Stepan"]
[Result "1-0"]
[WhiteElo "1658"]
[BlackElo "1580"]
[PlyCount "63"]
[EventDate "2017.11.11"]

1. e4 e6 2. d4 d5 3. Nc3 Nf6 4. Bg5 Bb4 5. e5 h6 6. Bc1 Ne4 7. Qg4 Kf8 8. a3
Bxc3+ 9. bxc3 Nxc3 10. Bd3 Bd7 11. Bd2 Ne4 12. Bxe4 dxe4 13. Ne2 Bc6 14. O-O h5
15. Qf4 Rh6 16. c4 Rg6 17. f3 exf3 18. Rxf3 Bxf3 19. Qxf3 Nc6 20. Rf1 Qd7 21.
Qxh5 Re8 22. Qxg6 Nxd4 23. Qh5 Nf5 24. Qh8+ Ke7 25. Bg5+ f6 26. Bxf6+ Kf7 27.
Qh7 Rg8 28. g4 Ne3 29. Qh5+ Kf8 30. Be7+ Kxe7 31. Qf7+ Kd8 32. Qxg8+ 1-0

[Event "Ïåðâåíñòâî Ìîñêâû 2017 Ì15"]
[Site ""]
[Date "2017.11.14"]
[Round "4.15"]
[White "Drobin, Maxim"]
[Black "Vinokur, Leonid"]
[Result "0-1"]
[WhiteElo "1634"]
[BlackElo "1703"]
[PlyCount "114"]
[EventDate "2017.11.11"]

1. e4 e6 2. d4 d5 3. Nd2 c5 4. exd5 Qxd5 5. Ngf3 cxd4 6. Bc4 Qd6 7. O-O Nc6 8.
Nb3 Nf6 9. Nbxd4 Nxd4 10. Qxd4 Qxd4 11. Nxd4 a6 12. Bf4 Bc5 13. Rad1 O-O 14.
Rfe1 b5 15. Bb3 Bb7 16. c3 Rac8 17. h3 Nd5 18. Bh2 Rfd8 19. Bc2 Nxc3 20. bxc3
Bxd4 21. Bxh7+ Kxh7 22. Rxd4 Rxd4 23. cxd4 Rc2 24. a3 Rd2 25. Bd6 Rxd4 26. Bb4
Bd5 27. Re3 Rc4 28. Rc3 f6 29. Rxc4 Bxc4 30. f4 Kh6 31. Kf2 g5 32. fxg5+ Kxg5
33. g3 f5 34. Bd2+ Kf6 35. Bc3+ e5 36. Ke3 Ke6 37. h4 Kf6 38. Kf3 Bb3 39. Ke3
Bf7 40. Kf3 Bh5+ 41. Ke3 Ke6 42. Bb4 Kd5 43. Bc3 Bg4 44. Bb4 Kc4 45. Bd6 Kb3
46. Bb4 Ka4 47. Be7 a5 48. Bd6 Kb3 49. Kd2 f4 50. gxf4 exf4 51. Kd3 f3 52. Ke3
Kc4 53. Kf2 b4 54. axb4 axb4 55. Ke3 b3 56. Be5 Kb4 57. Bb2 Kc4 {????}
0-1

[Event "Ïåðâåíñòâî Ìîñêâû 2017 Ì15"]
[Site ""]
[Date "2017.11.14"]
[Round "4.16"]
[White "Gubanov, Timofey"]
[Black "Kireev, Igor"]
[Result "1-0"]
[WhiteElo "1538"]
[BlackElo "1707"]
[PlyCount "91"]
[EventDate "2017.11.11"]

1. c4 e5 2. Nc3 f5 3. g3 Nf6 4. Bg2 c6 5. e3 d6 6. Nge2 Be7 7. Rb1 a5 8. a3 O-O
9. O-O Be6 10. d3 Nbd7 11. b4 axb4 12. axb4 Kh8 13. b5 Qc8 14. bxc6 bxc6 15.
Qb3 Nc5 16. Qc2 Ra6 17. Bd2 g5 18. f4 Nh5 19. Ra1 Bf6 20. d4 Nd7 21. Rxa6 Qxa6
22. d5 cxd5 23. cxd5 Bf7 24. Qxf5 Nb6 25. fxg5 Be7 26. Qg4 Ng7 27. Be4 Bh5 28.
Rxf8+ Bxf8 29. Qh3 Kg8 30. g4 Bg6 31. Bxg6 hxg6 32. Qf3 Qd3 33. Be1 Be7 34. h4
Nc4 35. Bf2 Nd2 36. Qg3 e4 37. Kg2 Ne8 38. Be1 Nf3 39. Bf2 Nd2 40. h5 Bxg5 41.
hxg6 Bf6 42. Qf4 Nf3 43. Nxe4 Ne1+ 44. Bxe1 Qxe2+ 45. Bf2 Qb2 46. g5 1-0